| 000 | 00520nam a22001817a 4500 | ||
|---|---|---|---|
| 005 | 20250120102641.0 | ||
| 008 | 250120b |||||||| |||| 00| 0 eng d | ||
| 020 | _a9780072397864 | ||
| 050 | _aHF5657.4 GAR | ||
| 100 | _aGarrison Ray H. | ||
| 245 |
_aManagerial Accounting _cRay H. Garrison & Eric W. Noreen |
||
| 250 | _a9th Ed. | ||
| 260 |
_aBoston _bMcGraw-Hill/Irwin _c2000 |
||
| 300 |
_axxxv. 923p. _bill. col. _c28.5 cm x 22 cm |
||
| 650 | _2Accounting | ||
| 700 | _aNoreen Eric W. | ||
| 942 |
_2lcc _cBK _e9th Ed. _n0 |
||
| 999 |
_c2705 _d2705 |
||